01401nas a2200241Ia 4500001001100000003001000011008004100021040002500062041001300087100003700100210002000137222002000157245007100177250001100248260008700259300002700346310001200373362003700385500029800422501011400720520029800834650002701132R050-S0897IT-CnALBA170116c99999999xx |||||||||||| ||und|| aIT-CnALBAcIT-CnALBA aITALIANO aCOJAZZI DON ANTONIO, SAC., DOTT. aRIVISTA GIOVANI aRIVISTA GIOVANI 0aRIVISTA GIOVANI. GENNAIO DICEMBRE 1925. CULTURA E VITA CRISTIANA.  a1a ed. a TO BO CT PAbSOCIETÀ ED. INTER. c1925 [1° Ed.:1925 - Ed.Ling.Originale: 1925] a768 p. (prefazione: 8) aMENSILE aFascicolo: 1-12 / Anno: 6 (1925) aBENEDIZIONE DEL S. PADRE. DIVORATORI. INDICE AUTORI E MATERIE. SCELTA PROFESSIONALE. L'ANIMA DELL'UNIVERSITÀ. PAPINI G. S. IRENEO VESCOVO DI SIRMIO. IL PUNTO DAL QUALE PRESI LE MOSSE, MAZZANTINI C. DOTTOR DAVIDE PERONI. LEGGENDO E ... VIVENDO. DOMANDE E RISPOSTE. LA BIBLIOTECA DEI GIOVANI.  aSocietà San Paolo EM - Piazza San Paolo, 14 - 12051 ALBA (CN) (non commercial uses only) ® Copyright 2017 aBENEDIZIONE DEL S. PADRE. DIVORATORI. INDICE AUTORI E MATERIE. SCELTA PROFESSIONALE. L'ANIMA DELL'UNIVERSITÀ. PAPINI G. S. IRENEO VESCOVO DI SIRMIO. IL PUNTO DAL QUALE PRESI LE MOSSE, MAZZANTINI C. DOTTOR DAVIDE PERONI. LEGGENDO E ... VIVENDO. DOMANDE E RISPOSTE. LA BIBLIOTECA DEI GIOVANI.  aCULTURA VITA CRISTIANA